000 00543nam a2200205 a 4500
001 17511
003 CO-ViMGA
008 141112s2004 ck r 000 u spa d
020 _a8424619447
040 _aCO-ViMGA
_bspa
_cCO-ViMGA
082 0 4 _aLUNp
100 1 _aLuna, Marta
_924821
245 1 0 _aPoemas de Navidad
260 _aBarcelona (España),
_cLagalera,
_c1995
300 _a24.p.
590 _aForma de adquisición : Premio - Mincultura
650 1 4 _aNAVIDAD POESIAS
_924822
650 1 4 _aPOESIA INFANTIL
_91029
942 _2ddc
_cBK
999 _c27026
_d27026